Statistics for U.S. Federal Agency Acronyms

Click here to take the quiz!

General Stats

  • This quiz has been taken 42,442 times
    (33,026 since last reset)
  • The average score is 14 of 22

Answer Stats

Acronym Stands For …. % Correct
CIACentral {Intelligence} Agency
98%
FBIFederal Bureau of {Investigation}
97%
NSANational {Security} Agency
82%
DHSDepartment of {Homeland} Security
81%
CDCCenters for {Disease} Control
79%
DEA{Drug} Enforcement Agency
75%
IRS{Internal} {Revenue} Service
74%
EPA{Environmental} {Protection} Agency
69%
DODDepartment of {Defense}
69%
VA{Veterans} Affairs
67%
FDA{Food} {and} {Drug} Administration
65%
HUD{Housing} and Urban Development
63%
NIHNational Institutes of {Health}
61%
FEMAFederal {Emergency} Management Agency
60%
FTCFederal {Trade} Commission
53%
FAAFederal {Aviation} Administration
53%
SSA{Social} {Security} Administration
52%
SEC{Securities} and Exchange Commission
51%
FCCFederal {Communications} Commission
42%
NTSBNational {Transportation} {Safety} Board
34%
FDICFederal {Deposit} Insurance Corporation
32%
FECFederal {Election} Commission
23%

Score Distribution

Percentile by Number Answered

Percent of People with Each Score

Your Score History

You have not taken this quiz since the last reset